Design, implementation, and optimization of classification algorithm for identification of small molecules using annotated spectral trees

Guardado en:
Detalles Bibliográficos
Autor principal: Wadinger, Marek (Autor)
Otros Autores: Kvasnica, Michal (Orientador)
Formato: Manuscrito Libro
Lenguaje:eslovaco
inglés
Publicado: 2022
Materias:
Acceso en línea:http://is.stuba.sk/zp/portal_zp.pl?podrobnosti=163531
Etiquetas: Agregar Etiqueta
Sin Etiquetas, Sea el primero en etiquetar este registro!

MARC

LEADER 00000ntm a22000003a 4500
001 stuzp90395
003 SK-STU
005 20220604210846.3
007 ta
008 150427s2015----xo-----f-mn---000-0-slo-d
040 |a STU  |b slo 
041 0 |a eng 
100 1 |a Wadinger, Marek  |u 047220  |4 aut  |U FCHPT Ústav informatizácie, automatizácie a matematiky  |T FCHPT Oddelenie informatizácie a riadenia procesov  |X 91815  |U C7220  |Y 121  |7 91815 
242 0 1 |a Návrh a optimalizácia klasifikačného algoritmu na identifikáciu malých molekúl použitím anotovaných spektrálnych stromov  |y slo 
245 1 0 |a Design, implementation, and optimization of classification algorithm for identification of small molecules using annotated spectral trees 
260 |c 2022 
650 4 |a hmotnostná spektrometria  |2 slo 
650 4 |a strojové učenie  |2 slo 
650 4 |a bayesovské siete  |2 slo 
650 4 |a validácia skóre podobnosti spektier  |2 slo 
650 4 |a spoľahlivosť vyhľadávania v spektrálnej knižnici  |2 slo 
650 4 |a zníženie miery falošných detekcií  |2 slo 
650 4 |a mass spectrometry  |2 eng 
650 4 |a machine learning  |2 eng 
650 4 |a bayesian network  |2 eng 
650 4 |a identification, algorithm  |2 eng 
650 4 |a validation of similarity scoring  |2 eng 
650 4 |a filtering false-positives  |2 eng 
650 4 |a reducing false detection rate  |2 eng 
650 4 |a spectral library search identification confidence  |2 eng 
700 1 |a Kvasnica, Michal  |u 047000  |k Z1  |4 ths  |U FCHPT Fakulta chemickej a potravinárskej technológie  |T FCHPT Ústav informatizácie, automatizácie a matematiky  |X 38267  |U C7000  |Y 105  |7 A000038267 
856 4 |u http://is.stuba.sk/zp/portal_zp.pl?podrobnosti=163531